ESTUDIOS INDIANOS (Registro nro. 23351)
[ vista simple ]
| 000 -LEADER | |
|---|---|
| fixed length control field | 00506nam a2200169 a 4500 |
| 001 - CONTROL NUMBER | |
| control field | 23351 |
| 005 - DATE AND TIME OF LATEST TRANSACTION | |
| control field | 20180713221417.0 |
| 008 - FIXED-LENGTH DATA ELEMENTS--GENERAL INFORMATION | |
| fixed length control field | 140415s1984 000 0 spa d |
| 041 ## - LANGUAGE CODE | |
| Language code of text/sound track or separate title | spa |
| 082 ## - DEWEY DECIMAL CLASSIFICATION NUMBER | |
| Classification number | 980 |
| Item number | ZAV |
| 100 1# - MAIN ENTRY--PERSONAL NAME | |
| Personal name | Zavala, Silvio, |
| Dates associated with a name | 1909-2014. |
| 245 10 - TITLE STATEMENT | |
| Title | ESTUDIOS INDIANOS |
| 250 ## - EDITION STATEMENT | |
| Edition statement | 2a ed. |
| 260 ## - PUBLICATION, DISTRIBUTION, ETC. | |
| Place of publication, distribution, etc. | [s.l.] : |
| Name of publisher, distributor, etc. | LIBROS DE MEXICO, |
| Date of publication, distribution, etc. | 1984 |
| 300 ## - PHYSICAL DESCRIPTION | |
| Extent | 464 |
| 650 14 - SUBJECT ADDED ENTRY--TOPICAL TERM | |
| Topical term or geographic name entry element | ISLAS CANARIAS |
| General subdivision | HISTORIA DESCUBRIMIENTO Y CONQUISTA |
| -- | MEXICO |
| -- | HISTORIA |
| -- | DESCUBRIMIENTO Y CONQUISTA |
| Withdrawn status | Lost status | Source of classification or shelving scheme | Damaged status | Not for loan | Collection code | Home library | Current library | Shelving location | Date acquired | Source of acquisition | Inventory number | Total Checkouts | Full call number | Barcode | Date last seen | Price effective from | Koha item type |
|---|---|---|---|---|---|---|---|---|---|---|---|---|---|---|---|---|---|
| Dewey Decimal Classification | General | Biblioteca Karol Wojtyla | Biblioteca Karol Wojtyla | Sala general | 03/12/2013 | Compra | 151000000000000000038420 | 980 ZAV | 44159 | 05/01/2026 | 03/12/2013 | Libro |